| 000 | 00517nam a2200205 a 4500 | ||
|---|---|---|---|
| 005 | 20210219153214.0 | ||
| 008 | 991125n 000 0 u | ||
| 035 | _aUPN01000084072 | ||
| 100 | _aCUEVAS PEREZ, Alfonso | ||
| 222 | _aCOMUNICACION EDUCATIVA | ||
| 245 | _aJuan de Dios Bátiz y el IPN | ||
| 300 | _a10 | ||
| 362 | _a1980 Año 1, no. 2 dic. | ||
| 653 | 0 | _aBATIZ, JUAN DE DIOS | |
| 653 | 0 | _aEDUCACION SUPERIOR | |
| 653 | 0 | _aIPN | |
| 653 | 0 | _aMAESTROS | |
| 904 |
_aAC _b021883 |
||
| 905 | _aArticulo | ||
| 999 |
_c71002 _d71002 |
||